[Event "Massy op"]
[Site "Massy"]
[Date "2010.06.??"]
[Round "?"]
[White "Andre, Philippe"]
[Black "Yallaoui, Jean"]
[Result "1-0"]
[WhiteElo "1793"]
[BlackElo "1719"]
[PlyCount "87"]
[EventDate "2010.06.??"]
[EventType "swiss"]
[EventRounds "7"]
[EventCountry "FRA"]
[SourceTitle "EXT 2011"]
[Source "ChessBase"]
[SourceDate "2010.11.26"]
[SourceVersion "1"]
[SourceVersionDate "2010.11.26"]
[SourceQuality "1"]

1. e4 d6 2. d4 Nf6 3. Nc3 g6 4. f3 Bg7 5. Be3 c6 6. Qd2 b5 7. g4 b4 8. Nce2 a5 9. h4 Bb7 10. h5 gxh5 11. g5 Nfd7 12. Ng3 Rg8 13. Rxh5 Nf8 14. N1e2 c5 15. dxc5 Bxb2 16. Rb1 Bg7 17. cxd6 Nc6 18. dxe7 Qxd2+ 19. Bxd2 Nxe7 20. c3 Ba6 21. cxb4 axb4 22. Bxb4 Bd3 23. Rd1 Bc2 24. Rd2 Rxa2 25. Bxe7 Kxe7 26. Nf5+ Ke8 27. Nxg7+ Rxg7 28. Nd4 Ra1+ 29. Kf2 Ba4 30. Bb5+ Bxb5 31. Nxb5 Ne6 32. Nd6+ Kf8 33. Nf5 Rg8 34. Rxh7 Ke8 35. Nd6+ Kd7 36. Nxf7+ Kc6 37. Rd6+ Kc5 38. Rxe6 Ra2+ 39. Kg3 Kd4 40. Kf4 Rc8 41. g6 Rf2 42. g7 Rg8 43. Ne5 Rg2 44. Rg6 1-0

[Event "Massy op"]
[Site "Massy"]
[Date "2010.06.??"]
[Round "?"]
[White "Yallaoui, Jean"]
[Black "Bounya, Myriam"]
[Result "0-1"]
[WhiteElo "1719"]
[BlackElo "1812"]
[PlyCount "142"]
[EventDate "2010.06.??"]
[EventType "swiss"]
[EventRounds "7"]
[EventCountry "FRA"]
[SourceTitle "EXT 2011"]
[Source "ChessBase"]
[SourceDate "2010.11.26"]
[SourceVersion "1"]
[SourceVersionDate "2010.11.26"]
[SourceQuality "1"]

1. c4 Nf6 2. Nc3 c5 3. g3 g6 4. Bg2 Bg7 5. e3 Nc6 6. a3 0-0 7. Nge2 d6 8. 0-0 Bg4 9. f3 Be6 10. d3 Rb8 11. Rb1 Qc8 12. Re1 Bf5 13. e4 Bd7 14. Be3 Ne8 15. d4 cxd4 16. Nxd4 Na5 17. Nd5 Qd8 18. b3 Nc6 19. c5 e6 20. Nxc6 Bxc6 21. Nb4 d5 22. exd5 exd5 23. Bd4 Nc7 24. Bxg7 Kxg7 25. Qd4+ Kg8 26. Rbd1 a5 27. Nc2 Ne6 28. Qc3 b6 29. cxb6 Qxb6+ 30. Kh1 Ba8 31. b4 Rfc8 32. Qd2 axb4 33. Nxb4 d4 34. f4 Qd6 35. Rc1 Bxg2+ 36. Qxg2 Rc3 37. Rxc3 dxc3 38. Qd5 Qxd5+ 39. Nxd5 c2 40. Nb4 Rc8 41. Rc1 Nd4 42. Kg2 Rc3 43. Kf2 Rxa3 44. Ke1 Nf3+ 45. Kf2 Nxh2 46. Kg2 Ng4 47. Nxc2 Rc3 48. Kh3 Nf2+ 49. Kg2 Nd3 50. Rd1 Rxc2+ 51. Kf3 Nb4 52. Rd8+ Kg7 53. Rd7 Rc3+ 54. Kg2 Kf6 55. Rd4 Nc6 56. Rd6+ Ke7 57. Rd1 f5 58. Re1+ Kf7 59. Rh1 h5 60. Re1 Ne7 61. Rd1 Ng8 62. Rd7+ Ke6 63. Rg7 Ne7 64. Rh7 Nd5 65. Rh8 Nf6 66. Ra8 Ne4 67. Ra6+ Kf7 68. Ra7+ Kg8 69. Ra8+ Kg7 70. Ra7+ Kh6 71. Ra8 Rxg3+ 0-1

[Event "Massy op"]
[Site "Massy"]
[Date "2010.06.??"]
[Round "1"]
[White "Yallaoui, Jean"]
[Black "Peignien, Laurent"]
[Result "1-0"]
[WhiteElo "1719"]
[BlackElo "1526"]
[PlyCount "58"]
[EventDate "2010.06.??"]
[EventType "swiss"]
[EventRounds "7"]
[EventCountry "FRA"]
[SourceTitle "EXT 2011"]
[Source "ChessBase"]
[SourceDate "2010.11.26"]
[SourceVersion "1"]
[SourceVersionDate "2010.11.26"]
[SourceQuality "1"]

1. d4 Nf6 2. c4 g6 3. Nc3 Bg7 4. e4 d6 5. f3 0-0 6. Bd3 e5 7. d5 c6 8. Nge2 cxd5 9. exd5 Nfd7 10. Be3 f5 11. Qc2 Nf6 12. Bf2 Na6 13. Ng3 Nb4 14. Qd2 Nxd3+ 15. Qxd3 e4 16. Qd1 exf3 17. Qxf3 Re8+ 18. Nge2 Ng4 19. 0-0 Nxf2 20. Qxf2 Bd7 21. Rac1 a5 22. Nd4 Qb6 23. Ndb5 Qxf2+ 24. Rxf2 Bxb5 25. Nxb5 Re7 26. Kf1 Be5 27. Re2 Kf7 28. Rce1 a4 29. h3 Rc8 1-0

[Event "Massy 21th op"]
[Site "Massy "]
[Date "2009.07.03"]
[Round "?"]
[White "Yallaoui, Jean"]
[Black "Dubessay, Bastien"]
[Result "0-1"]
[WhiteElo "1759"]
[BlackElo "2134"]
[PlyCount "78"]
[EventDate "2009.06.27"]
[EventType "swiss"]
[EventRounds "7"]
[EventCountry "FRA"]
[SourceTitle "EXT 2010"]
[Source "ChessBase"]
[SourceDate "2010.11.25"]
[SourceVersion "1"]
[SourceVersionDate "2010.11.25"]
[SourceQuality "1"]

1. c4 Nf6 2. Nc3 d5 3. cxd5 Nxd5 4. g3 g6 5. Bg2 Nxc3 6. bxc3 Bg7 7. d4 0-0 8. Rb1 Nc6 9. e4 Na5 10. Ne2 c5 11. 0-0 Bd7 12. Ba3 b6 13. d5 Nc4 14. Bc1 e6 15. Bf4 e5 16. Bc1 f5 17. f3 Rb8 18. Kh1 b5 19. Ng1 Qa5 20. Qb3 Rb6 21. Bg5 Bf6 22. Bxf6 Rbxf6 23. Rfd1 fxe4 24. fxe4 Nd6 25. Qc2 Bg4 26. Rf1 c4 27. Rxf6 Rxf6 28. Rf1 Rxf1 29. Bxf1 Qa4 30. Qxa4 bxa4 31. h3 Bd1 32. Bg2 a3 33. Nf3 Bb3 34. Ne1 Nb5 35. h4 Nxc3 36. d6 Kf8 37. d7 Ke7 38. Bh3 Nxa2 39. Be6 Nb4 0-1

[Event "Massy 21th op"]
[Site "Massy "]
[Date "2009.06.28"]
[Round "?"]
[White "Le Bourhis, Olivier"]
[Black "Yallaoui, Jean"]
[Result "0-1"]
[WhiteElo "1960"]
[BlackElo "1759"]
[PlyCount "80"]
[EventDate "2009.06.27"]
[EventType "swiss"]
[EventRounds "7"]
[EventCountry "FRA"]
[SourceTitle "EXT 2010"]
[Source "ChessBase"]
[SourceDate "2010.11.25"]
[SourceVersion "1"]
[SourceVersionDate "2010.11.25"]
[SourceQuality "1"]

1. d4 Nf6 2. c4 g6 3. Nc3 Bg7 4. e4 d6 5. f3 0-0 6. Be3 c6 7. Qd2 Nbd7 8. 0-0-0 Qc7 9. Nge2 b6 10. Bh6 Ba6 11. Ng3 Rfd8 12. Bxg7 Kxg7 13. f4 b5 14. h4 b4 15. Na4 Qa5 16. b3 Nb6 17. Nxb6 Qa3+ 18. Qb2 Qxb2+ 19. Kxb2 axb6 20. Be2 d5 21. exd5 cxd5 22. h5 Ne4 23. Nxe4 dxe4 24. g4 f5 25. gxf5 gxf5 26. h6+ Kf6 27. Rhg1 Rg8 28. Bh5 e6 29. Kc2 Bb7 30. Rxg8 Rxg8 31. Rd2 Rg3 32. Kb2 Rh3 33. Be8 Rxh6 34. c5 e3 35. Re2 bxc5 36. dxc5 Rh3 37. c6 Bc8 38. Bd7 Bxd7 39. cxd7 Ke7 40. a3 Rf3 0-1